<?xml version="1.0" encoding="UTF-8"?>
<record
    xmlns:xsi="http://www.w3.org/2001/XMLSchema-instance"
    xsi:schemaLocation="http://www.loc.gov/MARC21/slim http://www.loc.gov/standards/marcxml/schema/MARC21slim.xsd"
    xmlns="http://www.loc.gov/MARC21/slim">

  <leader>02198nam a22003497a 4500</leader>
  <controlfield tag="003">OSt</controlfield>
  <controlfield tag="005">20260511144802.0</controlfield>
  <controlfield tag="008">260511b        |||||||| |||| 00| 0 sp  d</controlfield>
  <datafield tag="020" ind1=" " ind2=" ">
    <subfield code="a">9786079660017</subfield>
  </datafield>
  <datafield tag="040" ind1=" " ind2=" ">
    <subfield code="a">gtgcusco</subfield>
    <subfield code="b">spa</subfield>
    <subfield code="c">gtgcusco</subfield>
    <subfield code="d">gtgcusco</subfield>
  </datafield>
  <datafield tag="041" ind1=" " ind2=" ">
    <subfield code="a">spa</subfield>
  </datafield>
  <datafield tag="082" ind1=" " ind2=" ">
    <subfield code="2">21</subfield>
    <subfield code="a">617.9676 M294:2</subfield>
  </datafield>
  <datafield tag="245" ind1=" " ind2=" ">
    <subfield code="a">Manual de anestesia local /</subfield>
    <subfield code="c">H&#xE9;ctor R. Mart&#xED;nez Menchaca, comp.</subfield>
  </datafield>
  <datafield tag="250" ind1=" " ind2=" ">
    <subfield code="a">2 ed.</subfield>
  </datafield>
  <datafield tag="260" ind1=" " ind2=" ">
    <subfield code="a">M&#xE9;xico :</subfield>
    <subfield code="b">Aleaciones Dentales Zeyco,</subfield>
    <subfield code="c">2018.</subfield>
  </datafield>
  <datafield tag="300" ind1=" " ind2=" ">
    <subfield code="a">307 p. :</subfield>
    <subfield code="b">il. ;</subfield>
    <subfield code="c">21 cm.</subfield>
  </datafield>
  <datafield tag="504" ind1=" " ind2=" ">
    <subfield code="a">Incluye referencias bibliogr&#xE1;ficas</subfield>
  </datafield>
  <datafield tag="520" ind1=" " ind2=" ">
    <subfield code="a">[Tomado de la contraportada] En la actualidad, la pr&#xE1;ctica cl&#xED;nica odontol&#xF3;gica requiere de una buena preparaci&#xF3;n y un amplio conocimiento de la salud en general como tambi&#xE9;n del desarrollo y avances tecnol&#xF3;gicos en equipos y materiales dentales. Del mismo modo, es fundamental contar con la asistencia y el apoyo en diferentes aspectos al momento de tratar a nuestros pacientes. Este compendio es una obra que tiene como objetivo principal ser un auxiliar en la atenci&#xF3;n de pacientes en la pr&#xE1;ctica odontol&#xF3;gica. Un apoyo colateral en las c&#xE1;tedras de anestesiolog&#xED;a, sedaci&#xF3;n y anestesia general, como tambi&#xE9;n de la parte cl&#xED;nica de todas las especialidades. Simplifica toda la informaci&#xF3;n en referente a los anest&#xE9;sicos locales que bien pudiese ser m&#xE1;s extensa pero se prefiri&#xF3; realizar un trabajo que resume y orienta los temas de la anestesia local basado en evidencia cient&#xED;fica con mayor validez y menor sesgo.</subfield>
  </datafield>
  <datafield tag="650" ind1="0" ind2="2">
    <subfield code="a">Anestesia en odontolog&#xED;a</subfield>
    <subfield code="v">Manuales</subfield>
    <subfield code="9">18534</subfield>
  </datafield>
  <datafield tag="650" ind1="0" ind2="2">
    <subfield code="a">Anestesia local</subfield>
    <subfield code="v">Manuales</subfield>
    <subfield code="9">18535</subfield>
  </datafield>
  <datafield tag="650" ind1="0" ind2="2">
    <subfield code="a">Cirug&#xED;a dental</subfield>
    <subfield code="v">Manuales</subfield>
    <subfield code="9">18536</subfield>
  </datafield>
  <datafield tag="700" ind1="0" ind2=" ">
    <subfield code="a">Mart&#xED;nez Menchaca, H&#xE9;ctor R.</subfield>
    <subfield code="9">18537</subfield>
  </datafield>
  <datafield tag="700" ind1="0" ind2=" ">
    <subfield code="a">Rivera, Gerardo</subfield>
    <subfield code="e">Couat.</subfield>
    <subfield code="9">18538</subfield>
  </datafield>
  <datafield tag="700" ind1="0" ind2=" ">
    <subfield code="a">Castellanos Su&#xE1;rez, Jos&#xE9; Luis</subfield>
    <subfield code="e">Coaut.</subfield>
    <subfield code="9">1606</subfield>
  </datafield>
  <datafield tag="700" ind1="0" ind2=" ">
    <subfield code="a">D&#xED;az Guzm&#xE1;n, Laura Mar&#xED;a</subfield>
    <subfield code="e">Coaut.</subfield>
    <subfield code="9">18539</subfield>
  </datafield>
  <datafield tag="700" ind1="0" ind2=" ">
    <subfield code="a">Lee G&#xF3;mez, Enrique Armando</subfield>
    <subfield code="e">Coaut.</subfield>
    <subfield code="9">18540</subfield>
  </datafield>
  <datafield tag="700" ind1="0" ind2=" ">
    <subfield code="a">Farsi, Deema J.</subfield>
    <subfield code="e">Coaut.</subfield>
    <subfield code="9">18541</subfield>
  </datafield>
  <datafield tag="700" ind1="0" ind2=" ">
    <subfield code="a">Gonz&#xE1;lez Sol&#xED;s. Armando J.</subfield>
    <subfield code="e">Coaut.</subfield>
    <subfield code="9">18542</subfield>
  </datafield>
  <datafield tag="700" ind1="0" ind2=" ">
    <subfield code="a">Monteagudo Arrieta, Carlos Alberto</subfield>
    <subfield code="e">Coaut.</subfield>
    <subfield code="9">18543</subfield>
  </datafield>
  <datafield tag="700" ind1="0" ind2=" ">
    <subfield code="a">Garza Covarrubias, Gabriel Garza</subfield>
    <subfield code="9">18544</subfield>
    <subfield code="e">Coaut.</subfield>
  </datafield>
  <datafield tag="942" ind1=" " ind2=" ">
    <subfield code="2">ddc</subfield>
    <subfield code="c">BK</subfield>
    <subfield code="n">0</subfield>
  </datafield>
  <datafield tag="999" ind1=" " ind2=" ">
    <subfield code="c">9510</subfield>
    <subfield code="d">9510</subfield>
  </datafield>
  <datafield tag="952" ind1=" " ind2=" ">
    <subfield code="0">0</subfield>
    <subfield code="1">0</subfield>
    <subfield code="2">ddc</subfield>
    <subfield code="4">0</subfield>
    <subfield code="7">0</subfield>
    <subfield code="a">ODONTO</subfield>
    <subfield code="b">ODONTO</subfield>
    <subfield code="c">GEN</subfield>
    <subfield code="d">2026-04-23</subfield>
    <subfield code="e">Imfhosa</subfield>
    <subfield code="g">50.00</subfield>
    <subfield code="i">Pend.</subfield>
    <subfield code="l">0</subfield>
    <subfield code="o">617.9676 M294:2</subfield>
    <subfield code="p">L00003294</subfield>
    <subfield code="r">2026-05-11 11:35:00</subfield>
    <subfield code="t">1</subfield>
    <subfield code="w">2026-05-11</subfield>
    <subfield code="y">BK</subfield>
  </datafield>
  <datafield tag="952" ind1=" " ind2=" ">
    <subfield code="0">0</subfield>
    <subfield code="1">0</subfield>
    <subfield code="2">ddc</subfield>
    <subfield code="4">0</subfield>
    <subfield code="7">0</subfield>
    <subfield code="a">ODONTO</subfield>
    <subfield code="b">ODONTO</subfield>
    <subfield code="c">GEN</subfield>
    <subfield code="d">2026-04-23</subfield>
    <subfield code="e">Imfhosa</subfield>
    <subfield code="g">50.00</subfield>
    <subfield code="i">Pend.</subfield>
    <subfield code="l">0</subfield>
    <subfield code="o">617.9676 M294:2</subfield>
    <subfield code="p">L00003295</subfield>
    <subfield code="r">2026-05-11 11:36:34</subfield>
    <subfield code="t">2</subfield>
    <subfield code="w">2026-05-11</subfield>
    <subfield code="y">BK</subfield>
  </datafield>
</record>
